000 00998nam a2200301 c 4500
999 _c15126
_d15126
003 BLK
005 20230406030256.0
008 180413b bul|||||r ||||||| ||bul||
010 _aKNG00016875000
040 _aBLK
041 _aBUL
_cBUL
080 _aБългарска литература
_b821.163.2
_x-31
_z821.163.2-31
139 _aХристов, Кирил
_bХ 78
245 1 0 _aТъмни зори
_bРоман
_cКирил Христов.
250 _a2. изд.
257 _aBGR
260 _aСофия
_bХемус
_c1991
300 _a132 с.
_c20 см
380 _aX
490 _aНоволуние
_9202841
500 _a1. изд. 1920 на изд. Сърп.
852 _aЦб 166784
856 4 _qpdf
_u
_i0.00
_ldisable
856 4 _qpdf
_u
_i0.00
_ldisable
942 _cKNG
_n0
_01
_s1
944 _aCR
_c23.03.2017
_kНора_Радева
944 _aED
_c2023-04-05
_kГГГ